Кинджал милосердя (Запис № 18592)
[ простий вигляд ]
| 000 -Маркер запису | |
|---|---|
| Контрольне поле сталої довжини | 01668nam a22002537a 4500 |
| 003 - Належність контрольного номера | |
| Контрольне поле | Uzh_bibl |
| 008 - Кодовані дані | |
| Контрольне поле сталої довжини | 260629b |||||||| |||| 00| 0 ukr d |
| 020 ## - Індекс ISBN | |
| ISBN | 5-333-00715-2 |
| Ціна | 1.50 |
| 040 ## - Джерело каталогіз. | |
| Служба первин.кат. | укр. |
| 041 ## - Код мови видання | |
| Код мови оригіналу | українська |
| Код мови тексту | українська |
| 080 ## - Індекс УДК | |
| Індекс УДК | 821(477) |
| 090 ## - Шифри | |
| Поличний індекс | 821(477) |
| Авторський знак | Г 85 |
| 100 ## - Автор | |
| Автор | Грищук, Броніслав |
| 245 ## - Назва | |
| Назва | Кинджал милосердя |
| Фізичний носій | Текст |
| 260 ## - Вихідні дані | |
| Місце видання | Київ |
| Видавництво | Радянський письменник |
| Дата видання | 1991 |
| 300 ## - Фізичний опис | |
| Обсяг | 317 с. |
| Тип одиниці | В опр. |
| 520 ## - Анотація | |
| Анотація | В музеї старовинної зброї герой повісті, яка дала назву книжці відомого українського письменника, надибує дивний кинджал – вузький, довгий, з чорним руків'ям. Виявилося, що це – «кинджал милосердя», яким лицарі після битв добивали поранених, чужих і своїх, щоб не мучилися нещасні... Тема гаданого і справжнього милосердя, віри і безвір'я є нервом всієї збірки талановитих повістей та оповідань. |
| 521 ## - Примітка про цільове призначення | |
| Примітка про цільове призначення | Для широкого кола читачів |
| 546 ## - Примітка про мову | |
| Примітка про мову | укр. |
| 650 ## - Тематичні рубрики | |
| Основна рубрика | Літературно-художнє видання |
| Хронологічна підрубрика | Сучасність (кінець XX століття) |
| Географічна підрубрика | Україна |
| 653 ## - Ключові слова | |
| Ключові слова | Милосердя |
| -- | Кинджал |
| -- | Віра |
| -- | Совість |
| -- | Добро |
| 655 ## - Термін індексування — жанр/форма | |
| Жанр/форма | Повісті, оповідання |
| Типове ділення | Повісті та оповідання |
| 942 ## - ADDED ENTRY ELEMENTS (KOHA) | |
| Джерело класифікації чи схема поличного розташування | |
| Koha item type | Книги |
| Статус вилучення | Статус втрати/відсутності | Джерело класифікації чи схема поличного розташування | Статус пошкодження | Тип обігу (не для випозичання) | Постійне розташування | Поточне розташування | Розташування у відділі | Дата надходження | Інвентарний номер | Total Checkouts | Повний (примірниковий) шифр зберігання | Штрих-код | Date last seen | Дата, для якої чинна ціна заміни | Тип одиниці (рівень примірника) |
|---|---|---|---|---|---|---|---|---|---|---|---|---|---|---|---|
| Публічна бібліотека | Публічна бібліотека | Абонемент | 29/06/2026 | 42384 | 821(477) | 20635 | 29/06/2026 | 29/06/2026 | Книги |